000 00529nam a2200181Ia 4500
005 20250423101145.0
008 250422s9999 xx 000 0 und d
020 _a9781405135054
050 _aNA 2520 .A67/
100 _aEdited by Quentin Pickard
245 4 _aThe Architects’ handbook
260 _aOxford
260 _bBlackwell Publishing
260 _c2005
300 _a454 p
650 _a Architectural practice--Handbooks, manuals, etc. Architectural services marketing--Handbooks, manuals, etc.
942 _cBK
999 _c35466
_d35466